| 000 -LEADER |
| fixed length control field |
00365nam a22001217a 4500 |
| 008 - FIXED-LENGTH DATA ELEMENTS--GENERAL INFORMATION |
| fixed length control field |
200319b ||||| |||| 00| 0 eng d |
| 100 ## - MAIN ENTRY--PERSONAL NAME |
| 9 (RLIN) |
2542 |
| Personal name |
Subramaniam, H. |
| 245 10 - TITLE STATEMENT |
| Title |
Ship stability, trim and cargo calculations, Part - I / |
| 260 ## - PUBLICATION, DISTRIBUTION, ETC. (IMPRINT) |
| Place of publication, distribution, etc |
Mumbai: |
| Name of publisher, distributor, etc |
Vijaya Publications, |
| Date of publication, distribution, etc |
2009. |
| 300 ## - PHYSICAL DESCRIPTION |
| Extent |
159p. |
| 650 #0 - SUBJECT ADDED ENTRY--TOPICAL TERM |
| Topical term or geographic name as entry element |
Stability of ships |
| 942 ## - ADDED ENTRY ELEMENTS (KOHA) |
| Item type |
Books |